000 01524nam1a2200289 i 4500
001 RU\NLR\bibl\558266
005 20260408195622.0
035 _a(NLR Aleph) 000550399
090 _a1468886
_c1468886
100 _a20041004g20049999u y0rusy50 ca
101 0 _arus
102 _aRU
105 _ay |||||||||
200 1 _aРоссийский государственный архив социально-политической истории
_eКрат. справ.
_eСправ.-информ. материалы к документ. и музейн. фондам РГСПИ
_fФедер. арх. служба России, Рос. гос. арх. соц.-полит. истории
_g[Подгот.: Ж.Г. Адибекова и др.
_gРед.: ... К.М. Андерсон (отв. ред.) и др.]
210 _aМ.
_cРОССПЭН
_d2004
215 _d22
463 0 _1001538951
601 0 2 _aРоссийский государственный архив социально-политической истории
_jПутеводители
_3RU\NLR\auth\661401839
_92345799
686 _aТ3(2)7л65
702 1 _aАндерсон
_bК. М.
_4340
702 1 _aАлибекова
_bЖ. Г.
_4220
711 0 2 _aРоссийский государственный архив социально-политической истории
_3RU\NLR\AUTH\8810016122
_9530088
801 0 _aRU
_bNLR
_c20041004
_gPSBO
801 1 _aRU
_bNLR
_c20041004
852 _aNLR
_j2004-5/2898
942 _cBOOK